[Event "Groningen op 59th"]
[Site "Groningen"]
[Date "2023.12.30"]
[Round "9"]
[White "Schuricht, Emil Frederick"]
[Black "Kazarjan, Gachatur"]
[Result "0-1"]
[WhiteElo "2095"]
[BlackElo "2078"]
[PlyCount "132"]
[EventDate "2023.12.21"]
[EventType "swiss"]
[EventRounds "9"]
[EventCountry "NED"]
[SourceTitle "CB04_2024"]
[SourceDate "2023.10.16"]
[SourceVersion "1"]
[SourceVersionDate "2023.10.16"]
[SourceQuality "1"]

1. d4 f5 2. g3 e6 3. Bg2 Nf6 4. c4 Be7 5. Nf3 0-0 6. 0-0 d6 7. Nc3 Ne4 8. Qc2 Nxc3 9. Qxc3 a5 10. b3 Nc6 11. Bb2 Bf6 12. Rad1 Qe8 13. Qc2 e5 14. d5 Nb4 15. Qb1 Na6 16. Ne1 Qh5 17. e3 f4 18. exf4 exf4 19. Bf3 Qg5 20. Bc1 Be5 21. Ng2 Bf5 22. Be4 Nc5 23. gxf4 Bxe4 24. Qxe4 Nxe4 25. fxg5 Rf3 26. Ne1 Rf5 27. f4 Raf8 28. Ng2 Nxg5 29. fxg5 Rxf1+ 30. Rxf1 Bxh2+ 31. Kxh2 Rxf1 32. Bf4 b6 33. c5 bxc5 34. Bd2 a4 35. bxa4 Ra1 36. a5 Rxa2 37. Be1 c4 38. Kg1 Ra3 39. Kf2 c3 40. Ne3 Ra2+ 41. Kf3 c2 42. Bd2 Rxa5 43. Ke4 Rc5 44. Bc1 Kf7 45. Kd3 h5 46. gxh6 gxh6 47. Nxc2 Rxd5+ 48. Ke4 Re5+ 49. Kd4 h5 50. Bf4 Ra5 51. Ke4 Kf6 52. Ne3 Ke6 53. Kd3 Ra4 54. Bg5 d5 55. Bd8 c5 56. Bb6 Ra3+ 57. Ke2 c4 58. Ng2 Ke5 59. Bc5 Ra5 60. Bb4 Ra4 61. Bc3+ d4 62. Bd2 Ke4 63. Ne1 Ra2 64. Kd1 c3 65. Bc1 d3 66. Bg5 Ra1+ 0-1

[Event "Groningen op 59th"]
[Site "Groningen"]
[Date "2023.12.26"]
[Round "5"]
[White "Kazarjan, Gachatur"]
[Black "De Jong, Migchiel"]
[Result "0-1"]
[WhiteElo "2078"]
[BlackElo "2301"]
[PlyCount "46"]
[EventDate "2023.12.21"]
[EventType "swiss"]
[EventRounds "9"]
[EventCountry "NED"]
[SourceTitle "CB04_2024"]
[SourceDate "2023.10.16"]
[SourceVersion "1"]
[SourceVersionDate "2023.10.16"]
[SourceQuality "1"]

1. e4 e6 2. d4 d5 3. e5 c5 4. c3 Ne7 5. Nf3 Nec6 6. a3 a5 7. Bd3 b6 8. Qe2 Ba6 9. Bxa6 Nxa6 10. b4 axb4 11. axb4 Nc7 12. Rxa8 Qxa8 13. bxc5 bxc5 14. 0-0 Be7 15. Be3 c4 16. Nfd2 Qa2 17. f4 Qc2 18. Rf3 g6 19. Qe1 Kd7 20. Bf2 Rb8 21. g4 Rb2 22. Bg3 Nb5 23. Rf2 Nxc3 0-1

[Event "Hoogeveen op 26th"]
[Site "Hoogeveen"]
[Date "2023.10.26"]
[Round "7"]
[White "Kazarjan, Gachatur"]
[Black "Maris, Ivo"]
[Result "1-0"]
[WhiteElo "1970"]
[BlackElo "2404"]
[PlyCount "61"]
[EventDate "2023.10.21"]
[EventType "swiss"]
[EventRounds "9"]
[EventCountry "NED"]
[SourceTitle "Mega2024 Update 01"]
[Source "Chessbase"]
[SourceDate "2023.11.12"]
[SourceVersion "1"]
[SourceVersionDate "2023.11.12"]
[SourceQuality "1"]

1. e4 g6 2. d4 d6 3. Nc3 Bg7 4. f4 c6 5. Nf3 Bg4 6. Be3 d5 7. e5 Nh6 8. h3 Bxf3 9. Qxf3 f6 10. g4 fxe5 11. fxe5 Rf8 12. Qg3 e6 13. 0-0-0 a6 14. h4 c5 15. dxc5 Nd7 16. Bh3 Bxe5 17. Qg2 Nf7 18. Nxd5 Qa5 19. c6 bxc6 20. Nf6+ Bxf6 21. Qxc6 Nfe5 22. Qxe6+ Be7 23. Bg5 Rf7 24. Rd5 Qxa2 25. Bxe7 Nd3+ 26. Kd2 Rxe7 27. Qg8+ Nf8 28. Rf1 Nf2 29. Rxf2 Qxd5+ 30. Qxd5 Rd7 31. Rxf8+ 1-0

[Event "Helmond Rapid op"]
[Site "Helmond"]
[Date "2023.06.10"]
[Round "2"]
[White "Kevlishvili, Robby"]
[Black "Kazarjan, Gachatur"]
[Result "1-0"]
[WhiteElo "2539"]
[BlackElo "1948"]
[PlyCount "109"]
[EventDate "2023.06.10"]
[EventType "swiss (rapid)"]
[EventRounds "9"]
[EventCountry "NED"]
[SourceTitle "CBM 214 Extra"]
[Source "ChessBase"]
[SourceDate "2023.07.31"]
[SourceVersion "1"]
[SourceVersionDate "2023.07.31"]
[SourceQuality "1"]

1. e4 c5 2. Nf3 d6 3. d4 cxd4 4. Nxd4 Nf6 5. Nc3 g6 6. Be3 Bg7 7. f3 0-0 8. Qd2 Nc6 9. 0-0-0 d5 10. exd5 Nxd5 11. Nxc6 bxc6 12. Bd4 e5 13. Bc5 Be6 14. Ne4 Re8 15. Bc4 Nc7 16. Qxd8 Rexd8 17. Bxe6 Nxe6 18. Be7 Rd5 19. Nf6+ Bxf6 20. Bxf6 Nf4 21. g3 Ne2+ 22. Kb1 Re8 23. c4 Rxd1+ 24. Rxd1 Nd4 25. f4 Nf3 26. fxe5 Nxh2 27. Rd7 Ng4 28. e6 fxe6 29. Bc3 e5 30. Rxa7 g5 31. a4 h5 32. Rd7 h4 33. gxh4 gxh4 34. Rd1 Kf7 35. Rh1 Rh8 36. Rh3 Ke6 37. Be1 e4 38. Rxh4 Rxh4 39. Bxh4 Ne5 40. Kc2 Nxc4 41. b3 Nb6 42. Kc3 Kd5 43. a5 Na8 44. Bg3 Kc5 45. b4+ Kd5 46. Bf4 c5 47. b5 c4 48. Kb4 c3 49. Kxc3 Kc5 50. b6 Nxb6 51. Be3+ Kb5 52. axb6 Kc6 53. Kc4 Kb7 54. Kd5 Kb8 55. Kxe4 1-0

[Event "Groningen Combinatie op"]
[Site "Groningen"]
[Date "2023.05.20"]
[Round "4"]
[White "Slagboom, Leandro"]
[Black "Kazarjan, Gachatur"]
[Result "1-0"]
[WhiteElo "2250"]
[BlackElo "1906"]
[PlyCount "75"]
[EventDate "2023.05.18"]
[EventType "swiss"]
[EventRounds "7"]
[EventCountry "NED"]
[SourceTitle "CBM 214 Extra"]
[Source "ChessBase"]
[SourceDate "2023.07.31"]
[SourceVersion "1"]
[SourceVersionDate "2023.07.31"]
[SourceQuality "1"]

1. e4 c5 2. Nf3 d6 3. d4 cxd4 4. Nxd4 Nf6 5. Nc3 g6 6. Be3 Bg7 7. f3 0-0 8. Qd2 Nc6 9. 0-0-0 d5 10. exd5 Nxd5 11. Nxc6 bxc6 12. Bd4 e5 13. Bc5 Be6 14. Ne4 Re8 15. Bc4 h6 16. g4 Qc7 17. h4 Rad8 18. Qf2 Nf4 19. Bxe6 Nxe6 20. Rxd8 Rxd8 21. g5 Rd5 22. Be3 h5 23. Rd1 a5 24. Nc3 Rxd1+ 25. Kxd1 Qb7 26. b3 Nd4 27. Ne4 Qd7 28. Bxd4 exd4 29. Qf1 Qf5 30. a4 Be5 31. Ke2 Qf4 32. Qf2 Qc1 33. Kd3 Qd1+ 34. Nd2 Bf4 35. Qe2 Qxe2+ 36. Kxe2 Bg3 37. Ne4 Bxh4 38. b4 1-0

[Event "NED-ch U14"]
[Site "Almelo"]
[Date "2023.05.03"]
[Round "5"]
[White "Roolvink, William"]
[Black "Kazarjan, Gachatur"]
[Result "1-0"]
[WhiteElo "1852"]
[BlackElo "1872"]
[PlyCount "49"]
[EventDate "2023.04.30"]
[EventType "swiss"]
[EventRounds "9"]
[EventCountry "NED"]
[SourceTitle "CBM 214 Extra"]
[Source "ChessBase"]
[SourceDate "2023.07.31"]
[SourceVersion "1"]
[SourceVersionDate "2023.07.31"]
[SourceQuality "1"]

1. e4 c5 2. Nc3 Nc6 3. Bb5 Nd4 4. Nf3 e6 5. 0-0 a6 6. Bd3 Bd6 7. Nxd4 cxd4 8. Ne2 Qb6 9. c3 dxc3 10. bxc3 Bxh2+ 11. Kxh2 Qd6+ 12. Ng3 Qxd3 13. Ba3 Ne7 14. Qg4 Rg8 15. f4 f6 16. Qh5+ Kf8 17. Qxh7 d6 18. Rf3 Qxd2 19. e5 Kf7 20. Ne4 Qd5 21. exf6 Nf5 22. Ng5+ Kf8 23. f7 Nh6 24. fxg8Q+ Nxg8 25. Rd3 1-0

[Event "Hoogeveen op 25th"]
[Site "Hoogeveen"]
[Date "2022.10.20"]
[Round "7"]
[White "Kazarjan, Gachatur"]
[Black "Pouw, Marcel Andre"]
[Result "0-1"]
[WhiteElo "1746"]
[BlackElo "1862"]
[PlyCount "24"]
[EventDate "2022.10.15"]
[EventType "swiss"]
[EventRounds "9"]
[EventCountry "NED"]
[SourceTitle "CBM 210 Extra"]
[Source "ChessBase"]
[SourceDate "2022.11.30"]
[SourceVersion "1"]
[SourceVersionDate "2022.11.30"]
[SourceQuality "1"]

1. e4 e5 2. Nf3 Nc6 3. d4 exd4 4. Bc4 Nf6 5. 0-0 Nxe4 6. Re1 d5 7. Bxd5 Qxd5 8. Nc3 Qh5 9. Nxe4 Be6 10. Bg5 Bd6 11. Nxd4 Qxh2+ 12. Kf1 Bc4+ 0-1

[Event "Hoogeveen op 25th"]
[Site "Hoogeveen"]
[Date "2022.10.17"]
[Round "3"]
[White "Kazarjan, Gachatur"]
[Black "Boeren, Jurriaan"]
[Result "1-0"]
[WhiteElo "1746"]
[BlackElo "1987"]
[PlyCount "57"]
[EventDate "2022.10.15"]
[EventType "swiss"]
[EventRounds "9"]
[EventCountry "NED"]
[SourceTitle "CBM 210 Extra"]
[Source "ChessBase"]
[SourceDate "2022.11.30"]
[SourceVersion "1"]
[SourceVersionDate "2022.11.30"]
[SourceQuality "1"]

1. e4 e5 2. Nf3 Nc6 3. Bc4 Nf6 4. d4 exd4 5. e5 d5 6. Bb5 Ne4 7. Nxd4 Bc5 8. Be3 0-0 9. Nxc6 bxc6 10. Bxc5 Nxc5 11. Bxc6 Rb8 12. Bxd5 Ba6 13. Na3 Qe7 14. f4 Ne6 15. Qf3 Qb4+ 16. Kf2 Nxf4 17. Bc4 Qd2+ 18. Kg3 Rb6 19. e6 fxe6 20. Rhf1 Qd6 21. Qd1 Qe5 22. Qg4 Ne2+ 23. Kh3 Rxf1 24. Rxf1 Qe3+ 25. g3 Ng1+ 26. Kh4 Bb7 27. Qf4 Nf3+ 28. Kh3 g5 29. Qxe3 1-0

[Event "NED-ch U14"]
[Site "Almelo"]
[Date "2022.05.03"]
[Round "4"]
[White "Van Arendonk, Polle"]
[Black "Kazarjan, Gachatur"]
[Result "1-0"]
[WhiteElo "1784"]
[BlackElo "1661"]
[PlyCount "87"]
[EventDate "2022.05.01"]
[EventType "swiss"]
[EventRounds "9"]
[EventCountry "NED"]
[SourceTitle "EXT 2023"]
[Source "ChessBase"]
[SourceDate "2022.10.05"]
[SourceVersion "1"]
[SourceVersionDate "2022.10.05"]
[SourceQuality "1"]

1. e4 c5 2. Nf3 Nc6 3. d4 cxd4 4. Nxd4 g6 5. c4 Bg7 6. Be3 Nf6 7. Nc3 0-0 8. Be2 d6 9. 0-0 Bd7 10. Qd2 Nxd4 11. Bxd4 Bc6 12. f3 Nd7 13. Be3 a5 14. b3 Rc8 15. Rac1 b6 16. Rfe1 Nc5 17. Bf1 Qd7 18. Nd5 Bxd5 19. exd5 Rfe8 20. Bf4 Rcd8 21. Bg5 Rc8 22. Re2 e5 23. dxe6 Rxe6 24. Rxe6 Nxe6 25. Be3 Qc6 26. Rd1 Rd8 27. Qd5 Qc7 28. g3 Qb8 29. Bh3 Nc7 30. Qc6 Na8 31. Bg5 f6 32. Bf4 Bf8 33. Be3 Re8 34. Bd4 Kg7 35. Kf1 Re7 36. Re1 Rc7 37. Qd5 Qb7 38. Be6 Qb8 39. g4 Be7 40. g5 Qf8 41. Bg4 h5 42. Bh3 Kh7 43. gxf6 Bxf6 44. Bxf6 1-0

[Event "EU-ch Hybrid U12"]
[Site "Tornelo INT"]
[Date "2021.10.15"]
[Round "7"]
[White "Tabatadze, Erekle"]
[Black "Kazarjan, Gachatur"]
[Result "1-0"]
[WhiteElo "1343"]
[BlackElo "1487"]
[PlyCount "65"]
[EventDate "2021.10.15"]
[EventType "swiss"]
[EventRounds "9"]
[EventCountry "NET"]
[SourceTitle "EXT 2023"]
[Source "ChessBase"]
[SourceDate "2022.10.05"]
[SourceVersion "1"]
[SourceVersionDate "2022.10.05"]
[SourceQuality "1"]
[WhiteTeam "Georgia"]
[BlackTeam "Netherlands"]
[WhiteTeamCountry "GEO"]
[BlackTeamCountry "NED"]

1. d4 d5 2. c4 e6 3. Nc3 Nf6 4. Bg5 Nbd7 5. e3 Be7 6. Nf3 c6 7. cxd5 exd5 8. Bd3 0-0 9. 0-0 Re8 10. Qc2 Nf8 11. Ne5 Ne4 12. Bf4 Nd6 13. b4 Ng6 14. Bg3 Bd7 15. Rab1 Qc8 16. b5 Bf5 17. bxc6 Bxd3 18. Qxd3 bxc6 19. Rfc1 Nxe5 20. dxe5 Nc4 21. e4 Na3 22. Rb3 d4 23. Nd5 cxd5 24. Rxc8 Raxc8 25. h3 dxe4 26. Qxd4 Red8 27. Qxe4 Rc1+ 28. Kh2 g6 29. e6 f6 30. Rb8 Rxb8 31. Bxb8 Nc2 32. Qc6 Kf8 33. Bf4 1-0

[Event "NED-ch U12 op"]
[Site "Borne"]
[Date "2019.08.10"]
[Round "12"]
[White "Kazarjan, Gachatur"]
[Black "De Keukelaere, Ruben"]
[Result "1-0"]
[WhiteElo "1542"]
[BlackElo "700"]
[PlyCount "61"]
[EventDate "2019.08.05"]
[EventType "swiss"]
[EventRounds "13"]
[EventCountry "NED"]
[SourceTitle "EXT 2020"]
[Source "ChessBase"]
[SourceDate "2019.10.17"]
[SourceVersion "1"]
[SourceVersionDate "2019.10.17"]
[SourceQuality "1"]

1. e4 e5 2. Nf3 Nc6 3. d4 exd4 4. Nxd4 Bc5 5. Be3 Qf6 6. c3 Nge7 7. Bc4 Qg6 8. 0-0 Qxe4 9. Re1 0-0 10. Bd3 Qh4 11. Nxc6 Bxe3 12. Rxe3 Nxc6 13. Rh3 Qg5 14. Bxh7+ Kh8 15. Qc2 g6 16. Bxg6+ Kg8 17. Be4 Re8 18. Rg3 Qxg3 19. fxg3 Ne5 20. Nd2 d6 21. Rf1 Ng4 22. Qb3 Be6 23. Bd5 Re7 24. Rf4 Ne3 25. Bxe6 Rxe6 26. Ne4 d5 27. Nf6+ Kg7 28. Nxd5 Nxd5 29. Qxd5 Rae8 30. h4 Re1+ 31. Kh2 1-0

[Event "NED-ch U12 op"]
[Site "Borne"]
[Date "2019.08.06"]
[Round "4"]
[White "Lopes, Samuel"]
[Black "Kazarjan, Gachatur"]
[Result "0-1"]
[WhiteElo "857"]
[BlackElo "1542"]
[PlyCount "64"]
[EventDate "2019.08.05"]
[EventType "swiss"]
[EventRounds "13"]
[EventCountry "NED"]
[SourceTitle "EXT 2020"]
[Source "ChessBase"]
[SourceDate "2019.10.17"]
[SourceVersion "1"]
[SourceVersionDate "2019.10.17"]
[SourceQuality "1"]

1. e4 c5 2. Nf3 Nc6 3. Bc4 e6 4. e5 d5 5. Bb5 Be7 6. d4 cxd4 7. Qxd4 Bd7 8. Bxc6 bxc6 9. Qg4 g6 10. 0-0 f6 11. Nc3 Qc7 12. exf6 Nxf6 13. Qd4 c5 14. Qe3 d4 15. Nxd4 cxd4 16. Qxd4 0-0 17. Bh6 Rf7 18. Bf4 Qc5 19. Qd1 h5 20. Qf3 Bc6 21. Qe2 Nd5 22. Bg3 Nxc3 23. bxc3 Qd5 24. f3 Bb5 25. Qe3 Bc5 26. Qxc5 Qxc5+ 27. Bf2 Qxc3 28. Rfc1 Raf8 29. a4 Bc6 30. Rf1 Rxf3 31. gxf3 Qxf3 32. Bc5 Qg2# 0-1